Žena jako subjekt a objekt dějepisného vyučování : (genderová tematika ve výuce dějepisu) /

Hlavní autor: Märc, Josef, 1964-
Jazyk: Slovenština
Čeština
Vydáno: Ústí nad Labem : Filozofická fakulta Univerzity J.E. Purkyně, 2010
Vydání: Vyd. 1.
Edice: Acta Universitatis Purkynianae Facultatis philosophicae. Studia historica didactica
Témata:
Externí odkaz: Digitalizovaný dokument
Fyzický popis: 160 s. : barev. il. ; 23 cm
Language note: Část. slovenský text, anglické resumé
Knihy
Uloženo v:
LEADER 02698nam a2200673 a 4500
001 nkc20112257107
003 CZ PrNK
005 20231024140651.0
007 ta
008 111220s2010 xr a f 000 0 cze
015 |a cnb002257107 
020 |a 978-80-7414-367-0  |q (brož.) 
035 |a (OCoLC)791309166 
040 |a ABA001  |b cze  |d OLA001  |d BOA001 
041 0 |a cze  |a slo  |b eng 
072 7 |a 37  |x Výchova a vzdělávání  |2 Konspekt  |9 22 
080 |a 93/94  |2 MRF 
080 |a 37.091.64(075)  |2 MRF 
080 |a 37.091.3  |2 MRF 
080 |a 316.346.2-055.2  |2 MRF 
080 |a 316.66-055.1/.3  |2 MRF 
080 |a 37.016.026  |2 MRF 
080 |a 37.0(091)  |2 MRF 
080 |a (048.8:082)  |2 MRF 
100 1 |a Märc, Josef,  |d 1964-  |7 mzk2009539375  |4 aut 
245 1 0 |a Žena jako subjekt a objekt dějepisného vyučování :  |b (genderová tematika ve výuce dějepisu) /  |c Josef Märc a kolektiv 
250 |a Vyd. 1. 
260 |a Ústí nad Labem :  |b Filozofická fakulta Univerzity J.E. Purkyně,  |c 2010 
300 |a 160 s. :  |b barev. il. ;  |c 23 cm 
490 1 |a Acta Universitatis Purkynianae Facultatis philosophicae. Studia historica didactica ;  |v 3 
500 |a 250 výt. 
504 |a Obsahuje bibliografie a bibliografické odkazy 
546 |a Část. slovenský text, anglické resumé 
650 0 7 |a dějepis  |7 ph117186  |2 czenas 
650 0 7 |a učebnice  |7 ph126974  |2 czenas 
650 0 7 |a studium a výuka  |7 ph136700  |2 czenas 
650 0 7 |a ženy  |7 ph127967  |2 czenas 
650 0 7 |a gender  |7 ph175751  |2 czenas 
650 0 7 |a předmětová didaktika  |7 ph162893  |2 czenas 
650 0 7 |a dějiny výchovy a vzdělávání  |7 ph492504  |2 czenas 
650 0 9 |a history (school subject)  |2 eczenas 
650 0 9 |a textbooks  |2 eczenas 
650 0 9 |a study and teaching  |2 eczenas 
650 0 9 |a women  |2 eczenas 
650 0 9 |a gender  |2 eczenas 
650 0 9 |a teaching school subjects  |2 eczenas 
650 0 9 |a history of education  |2 eczenas 
655 7 |a kolektivní monografie  |7 fd501537  |2 czenas 
655 9 |a collective monographs  |2 eczenas 
830 0 |a Acta Universitatis Purkynianae Facultatis philosophicae.  |p Studia historica didactica  |0 s 
856 4 1 |u http://www.digitalniknihovna.cz/mzk/uuid/uuid:0144bb80-ddde-11e8-bc37-005056827e51  |y Digitalizovaný dokument  |x NDK 
910 2 |a BOA001  |b 2-1281.219 
928 9 |a Filozofická fakulta UJEP 
928 9 |a Univerzita J.E. Purkyně, Filozofická fakulta 
990 |a BK 
995 |a 01 
991 |b 201203  |c NOV  |e n 
996 6 |b 2610504739  |c 2-1281.219  |l MZK  |r Sklad / do 1 hodiny  |n 5  |p p.v.  |w 001233007  |u 000010  |a 1  |e BOA001  |j MZK50  |s P 
996 7 |b 2610547727  |c 2-1281.219  |l Vol.výběr  |r VV 1p  |n 11  |p dar  |h 93/94 MÄR  |w 001233007  |u 000020  |a 0  |e BOA001  |j MZK50  |s A